书目信息 |
| 题名: |
外国古代教育史
|
|
| 作者: | 曹孚 编 | |
| 分册: | ||
| 出版信息: | 北京 人民教育出版社 1981 |
|
| 页数: | 220页 | |
| 开本: | 21cm | |
| 丛书名: | ||
| 单 册: | ||
| 中图分类: | G519.2 | |
| 科图分类: | ||
| 主题词: | 教育史--外国--古代 | |
| 电子资源: | ||
| ISBN: | ||
| 000 | 00562nam0 2200217 450 | |
| 001 | 1535761455 | |
| 005 | 20150129095620.75 | |
| 010 | @dCNY0.63 | |
| 091 | @a7012.0433 | |
| 100 | @a19950413d1981 emky0chiy0110 ea | |
| 101 | 0 | @achi |
| 102 | @aCN@b110000 | |
| 105 | @ay z 000yd | |
| 200 | 1 | @a外国古代教育史@9wai guo gu dai jiao yu shi@f曹孚等编 |
| 210 | @a北京@c人民教育出版社@d1981 | |
| 215 | @a220页@d21cm | |
| 606 | 0 | @a教育史@y外国@z古代 |
| 690 | @aG519.2@v5 | |
| 701 | 0 | @a曹孚@9cao fu@4编 |
| 801 | 0 | @aCN@bTSSF@c20150129 |
| 905 | @aZUCC@dG519.2@eJY2 | |
| 外国古代教育史/曹孚等编.-北京:人民教育出版社,1981 |
| 220页;21cm |
| ISBN :CNY0.63 |
| ● |
| 相关链接 |
|
|
|
|
正题名:外国古代教育史
索取号:G519.2/JY2
 
预约/预借
| 序号 | 登录号 | 条形码 | 馆藏地/架位号 | 状态 | 备注 |
| 1 | 7861073 | 278610736 | 学院路分馆/ [索取号:G519.2/JY2] | 在馆 | |
| 2 | 7861074 | 278610745 | 学院路分馆/ [索取号:G519.2/JY2] | 在馆 |